| 000 | 01688nam a2200325 4500 | ||
|---|---|---|---|
| 001 | 191833 | ||
| 003 | SpMaBN | ||
| 005 | 20251128152455.0 | ||
| 008 | 221013s2004 sp | o||| ||spa | ||
| 016 | 7 |
_abimoBNE20040646646 [ _2SpMaBN] |
|
| 017 |
_aM 21978-2004 _bOficina Depósito Legal Madrid |
||
| 020 | _a84-369-3838-0 | ||
| 024 | 7 |
_aNIPO 176-04-111-3 _2nipo |
|
| 035 | _a(OCoLC)301773809 | ||
| 040 |
_aSpMaBN _bspa _cSpMaBN _erdc |
||
| 080 | _a025.32 | ||
| 245 | 1 | 0 |
_aDirectrices para registros de autoridad y referencias : _banteriormente denominadas "Directrices para los asientos de autoridad y referencia" recomendadas por el Grupo de Trabajo para un Sistema Internacional de Autoridades, aprobadas por los Comités Permanentes de la Sección de Catalogación de la IFLA y de la Sección de Tecnología de la Información de la IFLA / _ctraducción de Justo García Melero. |
| 250 | _brevisada por el Grupo de Trabajo de la IFLA para la Revisión de las GARE. | ||
| 260 |
_a[Madrid] : _bMinisterio de Cultura, Secretaría General Técnica, _c[2004] |
||
| 300 |
_aXXVI, 58 p. ; _c22 cm. |
||
| 594 | _aTraducción de: Guidelines for authority records and reference. | ||
| 594 | _aEn la port.: Dirección General del Libro, Archivos y Bibliotecas, Subdirección General de Coordinación Bibliotecaria | ||
| 650 | 7 |
_aAutoridades (Catalogación) _2embne _9175281 |
|
| 700 |
_aGarcía Melero, Justo, _d1943-2004 _9175546 |
||
| 710 | 2 |
_aFederación Internacional de Asociaciones de Bibliotecarios y Bibliotecas. _9151131 |
|
| 852 |
_aES-MaACL _jA-15096 _9199115 _cDEPO1 _dOlim: 025.32 dir |
||
| 942 | _2udc | ||
| 999 |
_c191833 _d191833 |
||